000 01436nam a22002537a 4500
999 _c63327
_d63327
003 Ge_BSU
005 20250915173024.0
008 250915s2024 ge ||||| |||| 00| 0 geo d
020 _a9789941870965
041 _ageo
080 _a821.112.2.03=353.1 ბ-32
100 _aბარბაქაძე, დათო
_925820
245 _aთარგმანები, 2022-2024 /
_cდათო ბარბაქაძე.
264 _aთბილისი :
_b თვითგამომცემლობა მერწყული : უნივერსალი,
_c 2024.
300 _a546 გვ. ;
_b20 სმ.
500 _aწიგნი გამოიცა მთარგმნელის გერმანული და ავსტრიული სტიპენდიებიდან დანაზოგი თანხით.
653 _aგერმანული დრამატურგია
653 _aგერმანული პოეზია
653 _aგერმანული პროზა
700 _aჰეგელი, გეორგ ვილჰელმ ფრიდრიხ
_e ავტორი.
_92873
700 _aჰოლდერლინი, ფრიდრიხ
_eავტორი.
_925821
700 _aდოდერერი, ჰაიმიტო ფონ და სხვ.
_eავტორი
_925822
942 _2udc
_cᲬᲘᲒᲜᲘ